• 首页
  • 本馆介绍
  • 公告通知
  • 最新文献
  • 馆藏检索
  • 电子资源
  • 读者导购
  • 参考咨询
  • 我的图书馆
  • 登录
  • 详细信息显示
  • 放入我的书架
  • 预约/预借图书
  • 作者相关作品
  • 分类相关作品
  • 丛书相关作品
  • 出版社相关作品

书目信息

  • 表格格式
  • 工作单格式
  • 卡片格式
题名:
电视摄像机与视频处理
    
 
作者: 孙景鴖 , 蔡安妮 编著
分册:  
出版信息: 北京   电子工业出版社  1988.5
页数: 447页
开本: 26cm
丛书名:
单 册:
中图分类: TN94 , TN948.4
科图分类:
主题词: 电视中心 , 电视设备
电子资源:
ISBN: 7-5053-0196-9
000 00834nam0 2200277 45
001 0189020127
005 20040518173151.5
010    @a7-5053-0196-9@dCNY7.35
020    @aCN@b89020127
100    @a19910905d1988 m y0chiy0120 ea
101 0  @achi
102    @aCN@b110000
105    @ay z 000yy
106    @ar
200 10 @a电视摄像机与视频处理@Adian shi she xiang ji yu shi pin chu li@f孙景鴖,蔡安妮编著@Fsun jing ao , cai an ni bian zhu
210    @a北京@c电子工业出版社@d1988.5
215    @a447页@d26cm
540 1  @a电视 摄像机 视频处理@Adian shi she xiang ji shi pin chu li
606 0  @a电视中心
606 0  @a电视设备
690    @aTN94@v1980
690    @aTN948.4
701  0 @a孙景鴖@Asun jing ao@4编著
701  0 @a蔡安妮@Acai an ni@4编著
801  0 @aCN@bNLC@c19910905
905    @f1@b215829@dTN948.4@e103
    
    电视摄像机与视频处理/孙景鴖,蔡安妮编著.-北京:电子工业出版社,1988.5
    447页;26cm
    
    
    ISBN 7-5053-0196-9:CNY7.35
    
●
相关链接 在E读中查询图书 在五车中查询图书 在当当中查询图书 在豆瓣中查询图书


正题名:电视摄像机与视频处理     索取号:TN948.4/103         预约/预借

序号 登录号 条形码 馆藏地/架位号 状态 备注
1 0215829   001326247   第三借阅区/ [索取号:TN948.4/103] 在馆    
2 0215830   001325293   第二样本阅览室/ [索取号:TN948.4/103] 在馆    
唐山师范学院图书馆 欢迎您!
大连网信软件有限公司© 版权所有